| 000 | 00334 a2200133 4500 | ||
|---|---|---|---|
| 001 | 48812 | ||
| 082 | _a512 YSF | ||
| 090 |
_c31712 _d31712 |
||
| 100 | _aProf Sanaullah S Ijaz Hussain | ||
| 245 | _atextbook of Algebra and trigonometry class XI | ||
| 260 |
_aPSR _bAl Fatah Bk Agency Psr |
||
| 300 | _a496 p | ||
| 500 | _aCFT textbook | ||
| 942 |
_aNUST-CAE _k512 YSF |
||
| 999 |
_c283885 _d283885 |
||